[Event "Druzynowe Mistrzostwa Polski Juniorow 2019 - II Liga"]
[Site "Szczyrk"]
[Date "1899-12-30"]
[Round "2.82"]
[White "Raba, Bartosz"]
[Black "Rosinski, Filip"]
[Result "1/2-1/2"]
[WhiteTitle "II"]
[BlackTitle "II"]
[WhiteElo "1373"]
[BlackElo "1375"]

1. e4 c5 2. c3 d5 3. exd5 Qxd5 4. d4 cxd4 5. cxd4 g6 6. Nc3 Qd8 7. Nf3 Bg7 8. Be3
Nf6 9. h3 O-O 10. Bc4 Nbd7 11. O-O Nb6 12. Bb3 Nfd5 13. Nxd5 Nxd5 14. Bg5 Be6
15. Re1 Re8 16. Bh4 Nc7 17. Bxe6 Nxe6 18. Qa4 Nxd4 19. Nxd4 Qxd4 20. Qxd4 Bxd4
21. Bxe7 Bxb2 22. Rab1 Bc3 23. Re3 Bd2 24. Re2 Bg5 25. Rxb7 Rxe7 26. Rexe7 Bxe7
27. Rxe7 Kf8 28. Rb7 a6 29. Rb6 Ra7 30. a4 Ke7 31. a5 Kd7 32. Kh2 Ke7 33. Kg3
Kd7 34. Kg4 h6 35. f4 Ke7 36. f5 gxf5+ 37. Kxf5 Rc7 38. Rxa6 Rc5+ 39. Kg4 Kd7
40. Kh4 Kc8 41. Rxh6 Rxa5 42. Rf6 Ra7 43. Kg5 Kd8 44. g4 Ke8 45. h4 Kf8 46. h5
Kg7 47. Rb6 Ra5+ 48. Kh4 Ra7 49. g5 Ra4+ 50. Kg3 Ra3+ 51. Kf4 Ra4+ 52. Ke3 Ra3+
53. Kd4 Ra5 54. g6 Rxh5 55. gxf7 Kxf7 1/2-1/2

[Event "Druzynowe Mistrzostwa Polski Juniorow 2019 - II Liga"]
[Site "Szczyrk"]
[Date "1899-12-30"]
[Round "2.83"]
[White "Piotrowska, Florentyna"]
[Black "Gredka, Dominika"]
[Result "1/2-1/2"]
[WhiteTitle "I"]
[BlackTitle "I++"]
[WhiteElo "1278"]
[BlackElo "1658"]

1. e4 c5 2. Nf3 d6 3. Bb5+ Nd7 4. d4 cxd4 5. Qxd4 e5 6. Qd1 Be7 7. Nc3 Ngf6 8.
O-O O-O 9. Be3 a6 10. Be2 Qc7 11. Bg5 b5 12. Bxf6 Nxf6 13. a3 Bb7 14. Bd3 Rac8
15. Qe2 h6 16. Rfe1 Rcd8 17. Rad1 Qc8 18. h3 Nh5 19. Qe3 Nf4 20. Ne2 Nxd3 21.
cxd3 f5 22. Rc1 Qd7 23. Nc3 f4 24. Qe2 Bf6 25. Qc2 Rc8 26. Qb3+ Kh8 27. Nd5 Qe6
28. Rc3 Rxc3 29. bxc3 Rc8 30. c4 Bc6 31. Nxf6 Qxf6 32. Nd2 Qg6 33. Qb4 Bd7 34.
Kh1 Qf6 35. Qa5 Qh4 36. Kg1 Qg5 37. Kh1 Qh4 1/2-1/2

[Event "Druzynowe Mistrzostwa Polski Juniorow 2019 - II Liga"]
[Site "Szczyrk"]
[Date "1899-12-30"]
[Round "2.84"]
[White "Jureczko, Anna"]
[Black "Jedrzejewska, Zuzanna"]
[Result "1/2-1/2"]
[WhiteTitle "II+"]
[BlackTitle "I"]
[WhiteElo "1187"]
[BlackElo "1189"]

1. e4 c5 2. c3 d5 3. exd5 Qxd5 4. d4 Nf6 5. Nf3 Bg4 6. Be2 e6 7. O-O Be7 8. Be3
cxd4 9. cxd4 O-O 10. Nc3 Qd8 11. h3 Bh5 12. Ne5 Bxe2 13. Qxe2 a6 14. Rfd1 Nbd7
15. Qf3 Qc7 16. Bf4 Bd6 17. Nxd7 Qxd7 18. Bxd6 Qxd6 19. b3 b5 20. Rac1 Rac8 21.
Ne4 Nxe4 22. Qxe4 Rxc1 23. Rxc1 Rd8 24. Rc6 Qa3 25. Rc2 h6 26. Qe5 Qd6 27. Qxd6
Rxd6 28. Rc8+ Kh7 29. Ra8 Kg6 30. Ra7 Kf6 31. Kf1 Rc6 32. Kg1 h5 33. g3 g5 34.
Kg2 g4 35. h4 Kg6 36. Ra8 f6 37. Rg8+ Kh7 38. Rf8 Kg7 39. Ra8 Kg6 1/2-1/2

[Event "Druzynowe Mistrzostwa Polski Juniorow 2019 - II Liga"]
[Site "Szczyrk"]
[Date "1899-12-30"]
[Round "2.85"]
[White "Strzelecki, Maciej"]
[Black "Kocierz, Pawel"]
[Result "1-0"]
[WhiteTitle "k"]
[BlackTitle "II"]
[WhiteElo "1955"]
[BlackElo "1309"]

1. e4 c5 2. Nf3 g6 3. d4 cxd4 4. Nxd4 Bg7 5. Nc3 Nc6 6. Be3 Nf6 7. Bc4 O-O 8. Bb3
Qa5 9. f3 Rd8 10. Qd2 d5 11. exd5 Nxd5 12. Bxd5 Nxd4 13. Bxd4 Rxd5 14. Nxd5 Qxd5
15. Bxg7 Qxd2+ 16. Kxd2 Kxg7 17. c4 f5 18. Rhe1 Kf6 19. Rad1 Be6 20. b3 a5 21.
Kc3 a4 22. Rd2 axb3 23. axb3 Rc8 24. Kb4 g5 25. Rde2 Rc6 26. Re5 h5 27. Rb5 Bc8
28. Ree5 b6 29. g3 e6 30. Re2 Rd6 31. Kc3 Bb7 32. c5 Ba6 33. Rxb6 Bxe2 34. Rxd6
Ke7 35. f4 gxf4 36. gxf4 h4 37. Kd4 Bd1 38. b4 Ba4 39. Ke5 Bd7 40. Rxd7+ Kxd7
41. b5 Ke8 1-0

[Event "Druzynowe Mistrzostwa Polski Juniorow 2019 - II Liga"]
[Site "Szczyrk"]
[Date "1899-12-30"]
[Round "2.86"]
[White "Grubiak, Karol"]
[Black "Guzik, Natalia"]
[Result "0-1"]
[WhiteTitle "III"]
[BlackTitle "I++"]
[WhiteElo "1194"]
[BlackElo "1638"]

1. g3 c5 2. Nf3 Nc6 3. Bg2 d6 4. c4 g6 5. Nc3 Bg7 6. e3 e5 7. O-O Nge7 8. Ne2 Be6
9. Qb3 O-O 10. Ng5 Bg4 11. f3 Bd7 12. d3 f5 13. f4 Rb8 14. e4 a6 15. Bd2 fxe4
16. Nxe4 Nf5 17. Rab1 Ncd4 18. Nxd4 Nxd4 19. Qd1 Bc6 20. fxe5 Bxe5 21. b4 Qc7
22. bxc5 dxc5 23. Qg4 Bd7 24. Qd1 Rxf1+ 25. Qxf1 Rf8 26. Qd1 Qc8 27. Nf2 Bc6 28.
Qg4 Nf3+ 29. Bxf3 Bxf3 30. Qxc8 Rxc8 31. Ne4 Rd8 32. Nf2 Bd4 33. Rb3 Re8 34. Kf1
Re2 35. Be1 Rxa2 36. Rb6 a5 37. Rb5 a4 38. Ra5 Ra1 39. Ra8+ Kg7 40. Ne4 Bxe4 41.
dxe4 Bc3 42. Ke2 Bxe1 43. Ra7 a3 44. Rxb7+ Kf6 45. Rxh7 Bb4 46. h4 a2 47. g4 Re1+
48. Kf3 a1=Q 49. g5+ Ke5 0-1

[Event "Druzynowe Mistrzostwa Polski Juniorow 2019 - II Liga"]
[Site "Szczyrk"]
[Date "1899-12-30"]
[Round "2.87"]
[White "Wojtasik, Szymon"]
[Black "Czak, Dominik"]
[Result "1-0"]
[WhiteTitle "II"]
[BlackTitle "III"]
[WhiteElo "1511"]
[BlackElo "1297"]

1. e4 c6 2. d4 d5 3. exd5 cxd5 4. Bd3 Nc6 5. c3 Nf6 6. Bf4 Bg4 7. Qb3 Qd7 8. Nd2
e6 9. Ngf3 Be7 10. Ne5 Nxe5 11. dxe5 Nh5 12. Bb5 Rd8 13. Be3 Bf5 14. Rg1 g6 15.
g4 Ng7 16. Bh6 Bxg4 17. Bxg7 Rg8 18. Rxg4 Rxg7 19. f4 h5 20. Rg2 Kf8 21. Bxd7
Rxd7 22. Nf3 Rc7 23. Nd4 a6 24. a4 Bc5 25. Kd2 Ke7 26. f5 1-0

[Event "Druzynowe Mistrzostwa Polski Juniorow 2019 - II Liga"]
[Site "Szczyrk"]
[Date "1899-12-30"]
[Round "2.88"]
[White "Galla, Wiktor"]
[Black "Chrobot, Tomasz"]
[Result "0-1"]
[WhiteTitle "III"]
[BlackTitle "III"]
[WhiteElo "1000"]
[BlackElo "1246"]

1. e4 e5 2. Nf3 Nc6 3. Bc4 Nf6 4. d3 Bc5 5. Be3 Bb6 6. O-O d6 7. c3 O-O 8. Nbd2
Bg4 9. h3 Bh5 10. Re1 d5 11. exd5 Nxd5 12. Bb5 Nxe3 13. fxe3 a6 14. Bc4 Qe7 15.
Qc2 Bg6 16. Ne4 Rad8 17. Rad1 Bxe4 18. dxe4 Rxd1 19. Qxd1 Rd8 20. Qb3 Na5 21.
Qa4 Bxe3+ 22. Kh1 Nxc4 23. Qxc4 Bb6 24. Qb3 g6 25. Rd1 c6 26. Rxd8+ Bxd8 27. a3
Kg7 28. a4 f6 29. g4 Qf7 30. Qxf7+ Kxf7 31. Kg2 Ke6 32. c4 Kd6 33. b4 a5 34. c5+
Kd7 35. bxa5 Bxa5 36. g5 Bd8 37. h4 Kc7 38. Nd2 fxg5 39. hxg5 Bxg5 40. Nc4 Bf4
41. Kh3 h6 42. Kh4 g5+ 43. Kh5 Kc8 44. Nd6+ Kb8 45. Nc4 Ka7 46. Kg4 Ka6 47. Kh5
Bh2 48. Kg4 Bg1 49. Kh5 Bxc5 50. Kg4 Bd4 51. a5 Kb5 52. Nd6+ Kxa5 53. Nxb7+ Kb4
0-1

[Event "Druzynowe Mistrzostwa Polski Juniorow 2019 - II Liga"]
[Site "Szczyrk"]
[Date "1899-12-30"]
[Round "2.89"]
[White "Matyjasek, Michalina"]
[Black "Trusz, Julia"]
[Result "1/2-1/2"]
[WhiteTitle "I"]
[BlackTitle "I+"]
[WhiteElo "1323"]
[BlackElo "1649"]

1. d4 Nf6 2. Nf3 d5 3. c4 c6 4. Nc3 Bf5 5. Qb3 Qb6 6. e3 e6 7. Be2 Be7 8. O-O Nbd7
9. Re1 O-O 10. Nh4 Bg6 11. Nxg6 hxg6 12. Qc2 dxc4 13. Bxc4 c5 14. dxc5 Nxc5 15.
b3 Rac8 16. Bb2 Rfd8 17. Qe2 Nfd7 18. Nb5 a6 19. Nd4 Bf6 20. Rac1 Ne5 21. Ba3
Rc7 22. b4 Ncd7 23. Bb3 Rdc8 24. Rxc7 Rxc7 25. b5 Nc5 26. Bxc5 Rxc5 27. bxa6 bxa6
28. h3 Nc6 29. Nf3 Ne5 30. Nd4 Nc6 31. Nf3 1/2-1/2

[Event "Druzynowe Mistrzostwa Polski Juniorow 2019 - II Liga"]
[Site "Szczyrk"]
[Date "1899-12-30"]
[Round "2.90"]
[White "Pietrzak, Emilia"]
[Black "Zajac, Aleksandra"]
[Result "1-0"]
[WhiteTitle "I"]
[BlackTitle "II"]
[WhiteElo "1320"]
[BlackElo "1136"]

1. e4 e5 2. Nc3 Nf6 3. f4 d5 4. fxe5 Nxe4 5. Qf3 Nxc3 6. bxc3 c5 7. d4 Be6 8. Qg3
c4 9. Be2 Nc6 10. Nf3 Bf5 11. Bd1 Qa5 12. Bd2 Qa4 13. O-O Nd8 14. Qf4 Bxc2 15.
Bxc2 Qxc2 16. Ng5 Qg6 17. Rae1 Be7 18. Nh3 O-O 19. Qf3 Qc6 20. Nf4 Rc8 21. Nxd5
Qd7 22. Nf4 Ne6 23. d5 Nc5 24. d6 Bd8 25. Qg3 Bb6 26. Kh1 Ne6 27. Nh5 g6 28. Nf6+
1-0

[Event "Druzynowe Mistrzostwa Polski Juniorow 2019 - II Liga"]
[Site "Szczyrk"]
[Date "1899-12-30"]
[Round "2.91"]
[White "Poziomkowski, Szymon"]
[Black "Burzak, Wojciech"]
[Result "1/2-1/2"]
[WhiteTitle "I"]
[BlackTitle "I"]
[WhiteElo "1816"]
[BlackElo "1705"]

1. e4 c5 2. Nf3 e6 3. c3 d5 4. exd5 Qxd5 5. d4 Nf6 6. Bd3 Nc6 7. O-O cxd4 8. cxd4
Be7 9. Nc3 Qd6 10. Nb5 Qd8 11. Ne5 O-O 12. Be3 Bd7 13. Rc1 a6 14. Nc3 Rc8 15.
a3 Bd6 16. f4 Ne7 17. Qf3 Nf5 18. Bxf5 exf5 19. Qxb7 a5 20. Rfd1 Rb8 21. Qa6 Bc8
22. Qe2 Qb6 23. d5 Qa6 24. Rc2 Qxe2 25. Rxe2 Ba6 26. Red2 Rfe8 27. Bd4 Ne4 28.
Nxe4 fxe4 29. Rc1 f6 30. Rc6 fxe5 31. fxe5 Bxe5 32. Bxe5 e3 33. Rd1 Rxe5 34. Rxa6
Rxb2 35. Rxa5 Rd2 36. Re1 Rf5 37. Rc5 e2 38. Rcc1 Rfxd5 39. Kf2 Rf5+ 40. Ke3 Ra2
41. Rc3 Re5+ 42. Kf2 Kf7 43. Re3 Rxe3 1/2-1/2

[Event "Druzynowe Mistrzostwa Polski Juniorow 2019 - II Liga"]
[Site "Szczyrk"]
[Date "1899-12-30"]
[Round "2.92"]
[White "Celebias, Filip"]
[Black "Kartasiewicz, Igor"]
[Result "1-0"]
[WhiteTitle "II"]
[BlackTitle "II"]
[WhiteElo "1380"]
[BlackElo "1000"]

1. e4 e5 2. Nf3 Nc6 3. Bb5 d6 4. c3 Nf6 5. d3 Bd7 6. O-O Be7 7. Nbd2 O-O 8. Ba4
Bg4 9. Nc4 a6 10. Ne3 Bh5 11. Nf5 Bg4 12. Nxe7+ Nxe7 13. Re1 Nd7 14. d4 c6 15.
h3 Bh5 16. Bb3 h6 17. g4 Bg6 18. Nh4 d5 19. Nxg6 fxg6 20. exd5 cxd5 21. dxe5 Nc5
22. Be3 Nxb3 23. Qxb3 Nc6 24. Rad1 Nxe5 25. Rxd5 Qf6 26. Rxe5+ Kh7 27. Re6 Qf3
28. Kh2 Rad8 29. Qc2 Kh8 30. Qe4 Qf7 31. Qxg6 Qc7+ 32. Kg2 b5 33. Bd4 Qb7+ 34.
R1e4 Rd7 35. Kg1 Rdf7 36. Re8 Qd7 37. Bxg7+ Kg8 38. Bxf8+ Kh8 39. Bg7# 1-0

[Event "Druzynowe Mistrzostwa Polski Juniorow 2019 - II Liga"]
[Site "Szczyrk"]
[Date "1899-12-30"]
[Round "2.93"]
[White "Cwiek, Ryszard"]
[Black "Grodzicki, Piotr"]
[Result "1-0"]
[WhiteTitle "I"]
[BlackTitle "II"]
[WhiteElo "1728"]
[BlackElo "1204"]

1. e4 d6 2. d4 Nf6 3. Nc3 e5 4. dxe5 dxe5 5. Qxd8+ Kxd8 6. Nf3 Bd6 7. Bg5 Ke7 8.
Nd5+ Kd7 9. Nxf6+ gxf6 10. Bxf6 Re8 11. O-O-O Nc6 12. Bb5 Ke6 13. Bh4 h6 14. Bc4+
1-0

[Event "Druzynowe Mistrzostwa Polski Juniorow 2019 - II Liga"]
[Site "Szczyrk"]
[Date "1899-12-30"]
[Round "2.94"]
[White "Nowak, Oskar"]
[Black "Cwiek, Stefan"]
[Result "1-0"]
[WhiteTitle "II"]
[BlackTitle "II"]
[WhiteElo "1088"]
[BlackElo "1315"]

1. e4 e5 2. Nf3 Nc6 3. Bc4 Bc5 4. Bb3 d6 5. c3 Bg4 6. h3 Bh5 7. d3 Nf6 8. Bg5 O-O
9. O-O h6 10. Be3 Bxe3 11. fxe3 d5 12. exd5 Nxd5 13. Qe1 Bg6 14. d4 exd4 15. exd4
Re8 16. Qg3 Kh7 17. Nbd2 Ne3 18. Rfe1 Qd7 19. Nh4 Nf5 20. Nxf5 Bxf5 21. Nf3 f6
22. Nh4 Be4 23. Rxe4 Rxe4 24. Qg6+ Kh8 25. Qxe4 Re8 26. Ng6+ Kh7 27. Nf8+ Kh8
28. Qh7# 1-0

[Event "Druzynowe Mistrzostwa Polski Juniorow 2019 - II Liga"]
[Site "Szczyrk"]
[Date "1899-12-30"]
[Round "2.95"]
[White "Zybrant, Sandra"]
[Black "Mytnik, Kinga"]
[Result "1/2-1/2"]
[WhiteTitle "II"]
[BlackTitle "I"]
[WhiteElo "1000"]
[BlackElo "1604"]

1. e4 d6 2. d4 Nf6 3. Nc3 Nbd7 4. Be3 e5 5. Bc4 Be7 6. Nf3 c6 7. dxe5 dxe5 8. O-O
b5 9. Be2 b4 10. Na4 Nxe4 11. Qd3 Nd6 12. Nd2 a5 13. c3 Ba6 14. c4 Qc7 15. Qb3
c5 16. Bf3 Rc8 17. Qc2 g6 18. g4 h5 19. g5 Nf5 20. b3 Bb7 21. Bxb7 Qxb7 22. Rae1
O-O 23. Qe4 Qc7 24. Nf3 Nd6 25. Qd5 Nf5 26. Qe4 Nd6 27. Qd5 Nf5 28. Qe4 Nd6 29.
Qd5 Nf5 30. Qe4 Nd6 1/2-1/2

[Event "Druzynowe Mistrzostwa Polski Juniorow 2019 - II Liga"]
[Site "Szczyrk"]
[Date "1899-12-30"]
[Round "2.96"]
[White "Szewczuk, Aleksandra"]
[Black "Mielnik, Zofia"]
[Result "1-0"]
[WhiteTitle "I"]
[BlackTitle "IV"]
[WhiteElo "1218"]
[BlackElo "1000"]

1. e4 e5 2. Nf3 Nc6 3. Bb5 a6 4. Ba4 b5 5. Bb3 Be7 6. d3 Nf6 7. Nbd2 Bb7 8. Nf1
O-O 9. Ng3 d6 10. O-O a5 11. c3 a4 12. Bc2 Qd7 13. d4 Qe6 14. d5 Qc8 15. dxc6
Bxc6 16. Nh4 Qd8 17. Nhf5 g6 18. Nh6+ Kg7 19. Ng4 Bd7 20. Bh6+ Kg8 21. Nxf6+ Bxf6
22. Bxf8 Qxf8 23. b3 c6 24. bxa4 bxa4 25. Bxa4 d5 26. exd5 cxd5 27. Bxd7 Qd8 28.
Qxd5 Rb8 29. Rfd1 Rb6 30. Ne4 Bh4 31. Qxe5 f5 32. Be6+ Kf8 33. Rxd8+ Bxd8 34.
Nf6 Ra6 35. Nxh7+ Ke8 36. Bc8+ Be7 37. Re1 Rc6 38. Qxe7# 1-0

[Event "Druzynowe Mistrzostwa Polski Juniorow 2019 - II Liga"]
[Site "Szczyrk"]
[Date "1899-12-30"]
[Round "2.97"]
[White "Radecki, Adam"]
[Black "Gazda, Dominik"]
[Result "1/2-1/2"]
[WhiteTitle "I"]
[BlackTitle "I"]
[WhiteElo "1803"]
[BlackElo "1624"]

1. e4 c5 2. Nf3 d6 3. d3 Nc6 4. g3 g6 5. Bg2 Bg7 6. O-O e5 7. Nbd2 Nge7 8. c3 O-O
9. Nh4 b5 10. f4 Qb6 11. Kh1 exf4 12. gxf4 f5 13. exf5 Nxf5 14. Nxf5 Bxf5 15.
Ne4 Rad8 16. Be3 Kh8 17. Ng3 Be6 18. Qd2 Ne7 19. Rae1 Bxa2 20. f5 Nxf5 21. Nxf5
Rxf5 22. Rxf5 gxf5 23. Bg5 Rf8 24. Re7 d5 25. Qe3 d4 26. cxd4 Bxd4 27. Qh3 Qg6
28. Rxa7 Bg8 29. Be3 Bxb2 30. Bxc5 Re8 31. Qh4 Qf6 32. Qf2 f4 33. Be4 Bc3 34.
Qf3 Qg5 1/2-1/2

[Event "Druzynowe Mistrzostwa Polski Juniorow 2019 - II Liga"]
[Site "Szczyrk"]
[Date "1899-12-30"]
[Round "2.98"]
[White "Jaszczuk, Mateusz"]
[Black "Distel, Pawel"]
[Result "1/2-1/2"]
[WhiteTitle "I"]
[BlackTitle "I"]
[WhiteElo "1508"]
[BlackElo "1675"]

1. e4 d6 2. f4 Nf6 3. Nc3 g6 4. Nf3 Bg7 5. d4 O-O 6. Be2 Na6 7. O-O b6 8. e5 Ne8
9. Ne4 d5 10. Ng3 e6 11. c3 c5 12. Qa4 Nec7 13. b4 Bd7 14. Qb3 c4 15. Qc2 b5 16.
Be3 Nb8 17. Nh1 a5 18. a3 Nc6 19. g4 axb4 20. axb4 Qe7 21. Ng3 Rxa1 22. Rxa1 Bh6
23. Qd2 Kh8 24. Bd1 Qd8 25. Bc2 Ne7 26. Qc1 Qc8 27. h4 Rg8 28. Kf2 Ne8 29. g5
Bf8 30. h5 Kg7 31. Qa3 Nc7 32. Nh2 Nc6 33. Ng4 Be7 34. hxg6 hxg6 35. Nf6 Rh8 36.
Kg2 1/2-1/2

[Event "Druzynowe Mistrzostwa Polski Juniorow 2019 - II Liga"]
[Site "Szczyrk"]
[Date "1899-12-30"]
[Round "2.99"]
[White "Kubik, Rafal"]
[Black "Guzik, Michal"]
[Result "1-0"]
[WhiteTitle "II+"]
[BlackTitle "II"]
[WhiteElo "1473"]
[BlackElo "1084"]

1. e4 c5 2. Nf3 e6 3. d4 cxd4 4. Nxd4 a6 5. Nc3 Qc7 6. Bd3 Be7 7. O-O Nf6 8. Re1
d6 9. Bg5 O-O 10. h3 Nbd7 11. Nb3 b6 12. Qe2 Bb7 13. f4 e5 14. f5 h6 15. Bh4 Rfe8
16. Bf2 Rad8 17. Bxa6 Bc6 18. Bb5 Bb7 19. Rad1 Rf8 20. Bh4 Nc5 21. Bxf6 Bxf6 22.
Bc4 Bh4 23. Rf1 Rc8 24. Qg4 Bf6 25. Nb5 Qe7 26. Nxd6 Rc6 27. Nxc5 Rxc5 28. Bb3
Ba6 29. Rf2 Rd8 30. Rfd2 Bg5 31. Nxf7 Be3+ 32. Kh1 Rxd2 33. Rxd2 Bxd2 34. Nxe5+
Kh7 35. Qg6+ Kh8 36. Nf7+ Kg8 37. Ng5+ Kf8 38. Nh7# 1-0

[Event "Druzynowe Mistrzostwa Polski Juniorow 2019 - II Liga"]
[Site "Szczyrk"]
[Date "1899-12-30"]
[Round "2.100"]
[White "Mansz, Martyna"]
[Black "Karwot, Marek"]
[Result "1-0"]
[WhiteTitle "I"]
[BlackTitle "II"]
[WhiteElo "1091"]
[BlackElo "1107"]

1. e4 c5 2. d4 cxd4 3. c3 Nf6 4. e5 Nd5 5. cxd4 d6 6. Nf3 Nc6 7. Bc4 Nb6 8. Bb5
dxe5 9. Nc3 exd4 10. Nxd4 Bd7 11. Nxc6 Bxc6 12. Bxc6+ bxc6 13. Qxd8+ Rxd8 14.
O-O e6 15. Be3 Be7 16. Bxb6 axb6 17. Na4 Rd2 18. Nxb6 Rxb2 19. Rfb1 Rxb1+ 20.
Rxb1 O-O 21. a4 Rb8 22. a5 Bd8 23. Kf1 f6 24. Ke2 Kf7 25. Kd3 Ke8 26. Kc4 Bxb6
27. Rxb6 Ra8 28. a6 Kd7 29. Kc5 g5 30. Rxc6 h5 31. Rd6+ Ke7 32. Rb6 Rc8+ 33. Kb5
Rc2 34. a7 Rb2+ 35. Kc6 Ra2 36. Rb7+ Kf8 37. Rb8+ Kg7 38. a8=Q Rxa8 39. Rxa8 Kg6
40. Kd6 e5 41. Ra6 Kf5 42. Ke7 g4 43. Rxf6+ Kg5 44. Ke6 Kh4 45. Kxe5 Kg5 46. Rf5+
Kg6 47. f3 gxf3 48. gxf3 Kg7 49. Rxh5 Kg8 50. Rg5+ Kh7 51. f4 Kh6 52. Rg1 Kh7
53. f5 Kh8 54. f6 Kh7 55. f7 Kh8 56. f8=Q+ Kh7 57. Qg7# 1-0

[Event "Druzynowe Mistrzostwa Polski Juniorow 2019 - II Liga"]
[Site "Szczyrk"]
[Date "1899-12-30"]
[Round "2.101"]
[White "Robakowska, Paulina"]
[Black "Wojtas, Emilia"]
[Result "1-0"]
[WhiteTitle "I"]
[BlackTitle "II"]
[WhiteElo "1291"]
[BlackElo "1088"]

1. c4 Nf6 2. Nf3 d6 3. d4 g6 4. g3 Bg7 5. Bg2 O-O 6. O-O Nbd7 7. Nc3 e5 8. e4 exd4
9. Nxd4 Ne5 10. Qe2 c5 11. Ndb5 a6 12. Na3 Nc6 13. Nc2 Be6 14. h3 Nd7 15. Bd2
Nde5 16. b3 f5 17. f4 Nf7 18. Rad1 Nd4 19. Nxd4 Bxd4+ 20. Kh2 Rb8 21. Qd3 Qd7
22. Rfe1 Rfe8 23. exf5 Bxf5 24. Qf3 h6 25. Rxe8+ Qxe8 26. Re1 Qd7 27. g4 Be6 28.
Qe4 Re8 29. Qxg6+ Kh8 30. Be4 Nd8 31. Qxh6+ Kg8 32. f5 Bf7 33. f6 Be6 34. Bg6
Be5+ 35. Kg2 Qc6+ 36. Ne4 Qc7 37. Bxe8 b5 38. Ng5 Qb7+ 39. Kf2 Bd4+ 40. Be3 Bxe3+
41. Rxe3 bxc4 42. f7+ Nxf7 43. Qxe6 cxb3 44. Bxf7+ Kh8 45. Qh6# 1-0

[Event "Druzynowe Mistrzostwa Polski Juniorow 2019 - II Liga"]
[Site "Szczyrk"]
[Date "1899-12-30"]
[Round "2.102"]
[White "Uliasz, Katarzyna"]
[Black "Czerwinska, Oliwia"]
[Result "1/2-1/2"]
[WhiteTitle "I"]
[BlackTitle "I"]
[WhiteElo "1333"]
[BlackElo "1345"]

1. e4 e5 2. Nf3 Nc6 3. d4 exd4 4. Nxd4 Bc5 5. Be3 Qf6 6. c3 Nge7 7. g3 d6 8. Bg2
Bd7 9. O-O Bb6 10. Re1 O-O 11. Na3 Ng6 12. f4 Rad8 13. Nc4 Rfe8 14. Nxb6 axb6
15. Qc2 h6 16. h3 Kh8 17. Kh2 Rf8 18. b4 Qe7 19. b5 Nb8 20. c4 Bc8 21. Qb2 Nd7
22. Nf5 Qf6 23. Bd4 Nde5 24. fxe5 dxe5 25. Bc3 Be6 26. Ne3 Rd3 27. Qc2 Rd7 28.
Rad1 Rfd8 29. Rxd7 Rxd7 30. Kg1 Qg5 31. Nf1 Bxc4 32. Bd2 Bd3 33. Qxd3 Rxd3 34.
Bxg5 hxg5 35. Rc1 Rd7 36. Ne3 Nf8 37. Nd5 Ne6 38. Bf3 Nc5 39. h4 gxh4 40. gxh4
f6 41. Kf1 Kg8 42. Ke2 Kf7 43. Bg4 Rd8 44. Bh5+ g6 45. Bf3 Rd7 46. h5 Kg7 47.
hxg6 Kxg6 48. Bg4 Rg7 49. Rg1 Kf7 50. Bh5+ Kf8 51. Rxg7 Kxg7 52. Ke3 Na4 53. Bd1
Nc5 54. Nxc7 Kf7 55. Nd5 Ke6 56. Nxb6 f5 57. exf5+ Kxf5 58. Bc2+ Ke6 59. Nc4 Kd5
60. Nd2 Nd7 61. Be4+ Kc5 62. Bxb7 Kxb5 63. a4+ Kb6 64. Bc8 Nc5 65. Nc4+ Kc7 66.
a5 Kxc8 67. Nxe5 Kb7 1/2-1/2

[Event "Druzynowe Mistrzostwa Polski Juniorow 2019 - II Liga"]
[Site "Szczyrk"]
[Date "1899-12-30"]
[Round "2.103"]
[White "Majdanski, Maksymilian"]
[Black "Stachowicz, Hubert"]
[Result "1-0"]
[WhiteTitle "I"]
[BlackTitle "III"]
[WhiteElo "1767"]
[BlackElo "1092"]

1. e4 d6 2. d4 Nf6 3. Nc3 c5 4. Nf3 Nc6 5. Be2 g6 6. O-O Bg7 7. dxc5 dxc5 8. Be3
Qxd1 9. Rfxd1 b6 10. Bb5 Bb7 11. Nd5 Rc8 12. Rd3 e6 13. Nxf6+ Bxf6 14. e5 Bg7
15. Rad1 O-O 16. Rd7 Na5 17. Bf4 a6 18. Be2 b5 19. b3 Bd5 20. a4 Bc6 21. R7d2
Bxf3 22. gxf3 bxa4 23. bxa4 c4 24. Bg3 Rc6 25. Rd6 Rfc8 26. f4 Bf8 27. Rxc6 Rxc6
28. Rd8 Kg7 29. Bh4 Bb4 30. Bf6+ Kh6 31. Rg8 1-0

[Event "Druzynowe Mistrzostwa Polski Juniorow 2019 - II Liga"]
[Site "Szczyrk"]
[Date "1899-12-30"]
[Round "2.104"]
[White "Bartlomowicz, Jakub"]
[Black "Kowalski, Kacper"]
[Result "1/2-1/2"]
[WhiteTitle "II+"]
[BlackTitle "II"]
[WhiteElo "1633"]
[BlackElo "1317"]

1. e4 e5 2. Nf3 Nc6 3. Bc4 Bc5 4. c3 Nf6 5. d3 d5 6. exd5 Nxd5 7. O-O O-O 8. Re1
Re8 9. d4 Nb6 10. Bxf7+ Kxf7 11. dxc5 Qxd1 12. Rxd1 Na4 13. b4 Bf5 14. Bd2 Nb2
15. Re1 Nd3 16. Re3 Rad8 17. Na3 Bg4 18. Ng5+ Kg8 19. Nc4 h6 20. Ne4 Be6 21. Ncd6
cxd6 22. Nxd6 Rxd6 23. cxd6 Bc4 24. Rg3 Kf7 25. Rg4 Be6 26. Rg3 Bf5 27. Be3 b6
28. a3 Rd8 29. c4 Rxd6 30. c5 bxc5 31. Bxc5 Nxc5 32. bxc5 Rd5 33. Rc1 Nd4 34.
Re3 Bc2 35. c6 Nxc6 36. f4 exf4 37. Rf3 Nd4 38. Rxf4+ Kg8 39. Rxd4 Rxd4 40. Rxc2
Rd1+ 41. Kf2 Ra1 42. Rc8+ Kh7 43. Rc3 Ra2+ 44. Kf3 a5 45. h4 h5 46. g4 hxg4+ 47.
Kxg4 Kh6 48. Rc6+ g6 49. h5 Rg2+ 50. Kf3 Ra2 51. Kg4 Rxa3 52. Rxg6+ Kh7 53. Ra6
Ra1 54. Kg5 Rg1+ 55. Kf5 Rh1 56. Kg5 Rg1+ 57. Kf4 Ra1 58. Kg5 Rg1+ 1/2-1/2

[Event "Druzynowe Mistrzostwa Polski Juniorow 2019 - II Liga"]
[Site "Szczyrk"]
[Date "1899-12-30"]
[Round "2.105"]
[White "Tarawski, Adrian"]
[Black "Babiarz, Arkadiusz"]
[Result "1-0"]
[WhiteTitle "II+"]
[BlackTitle "I++"]
[WhiteElo "1562"]
[BlackElo "1833"]

1. d4 d5 2. Bf4 c5 3. e3 Nc6 4. Nf3 Nf6 5. Nbd2 cxd4 6. exd4 Bg4 7. c3 e6 8. Qb3
Qb6 9. Qxb6 axb6 10. Bc7 Nd7 11. Bb5 Bxf3 12. Nxf3 Be7 13. Ne5 Ndxe5 14. dxe5
O-O 15. f4 Bc5 16. b4 Be7 17. Bxb6 Ra3 18. Bxc6 bxc6 19. Kd2 Rfa8 20. Ba5 Bd8
21. Bxd8 Rxd8 22. Rhb1 Rda8 23. Rb2 g5 24. fxg5 Kg7 25. g4 h6 26. gxh6+ Kxh6 27.
h4 Rg8 28. Rg1 Rga8 29. Rf1 Rxa2 30. Rxa2 Rxa2+ 31. Ke3 Rh2 32. Rxf7 Rh3+ 33.
Kd2 Rxh4 34. Rf6+ Kg5 35. Rxe6 Rxg4 36. Rxc6 Kf5 37. e6 d4 38. c4 Ke4 39. e7 Rg2+
40. Ke1 Ke5 1-0

[Event "Druzynowe Mistrzostwa Polski Juniorow 2019 - II Liga"]
[Site "Szczyrk"]
[Date "1899-12-30"]
[Round "2.106"]
[White "Jemiola, Jeremi"]
[Black "Lochinski, Pawel"]
[Result "0-1"]
[WhiteTitle "III"]
[BlackTitle "II"]
[WhiteElo "1000"]
[BlackElo "1138"]

1. d4 c5 2. c4 e6 3. Nf3 cxd4 4. Nxd4 f5 5. Nc3 Nf6 6. Bf4 a6 7. e3 Be7 8. Be2
O-O 9. O-O Kh8 10. Bh5 d6 11. Nc2 e5 12. Bg5 Be6 13. Qf3 Bxc4 14. Rfe1 Nbd7 15.
Qh3 Nxh5 16. Bxe7 Qxe7 17. Qxh5 Nc5 18. Na3 Be6 19. Rac1 Nd3 20. Qd1 Nxc1 21.
Qxc1 f4 22. exf4 Rxf4 23. Nd5 Bxd5 24. Qxf4 Rf8 25. Qe3 Qh4 26. Qg3 Qd4 27. b3
Qb2 28. Nb1 Be4 29. Nc3 Qd2 30. Rd1 Qc2 31. Qe3 d5 32. Qe1 Rc8 33. Rc1 Qb2 34.
h3 d4 35. Ne2 Rxc1 36. Nxc1 d3 37. Qxe4 d2 38. Nd3 d1=Q+ 39. Kh2 Qd4 40. Qxe5
Qxe5+ 41. Nxe5 Qe2 42. Nc4 Qxa2 43. Nd6 Qxb3 44. f3 a5 45. Ne4 a4 46. Nd2 Qc2
47. Ne4 a3 48. Nd6 Qc7 0-1

[Event "Druzynowe Mistrzostwa Polski Juniorow 2019 - II Liga"]
[Site "Szczyrk"]
[Date "1899-12-30"]
[Round "2.107"]
[White "Zalucka, Emilia"]
[Black "Polak, Sylwia"]
[Result "1-0"]
[WhiteTitle "I"]
[BlackTitle "I+"]
[WhiteElo "1440"]
[BlackElo "1533"]

1. e4 c5 2. Nf3 e6 3. b3 a6 4. Bb2 d6 5. c4 Nf6 6. e5 dxe5 7. Nxe5 Be7 8. Be2 O-O
9. O-O Qc7 10. Qe1 Rd8 11. f4 Nc6 12. Nxc6 Qxc6 13. d3 Qd7 14. Nd2 b6 15. Nf3
Bb7 16. Ne5 Qc7 17. Qg3 Ne8 18. Ng4 f6 19. Rf2 Rac8 20. Raf1 Kf7 21. Qh3 Nd6 22.
Qxh7 Nf5 23. Ne5+ 1-0

[Event "Druzynowe Mistrzostwa Polski Juniorow 2019 - II Liga"]
[Site "Szczyrk"]
[Date "1899-12-30"]
[Round "2.108"]
[White "Krzanowska, Liliana"]
[Black "Ziobrowska, Maja"]
[Result "0-1"]
[WhiteTitle "I"]
[BlackTitle "I"]
[WhiteElo "1192"]
[BlackElo "1491"]

1. Nf3 Nf6 2. d4 d5 3. e3 e6 4. c4 c6 5. Nc3 Bd6 6. Be2 O-O 7. Qc2 b6 8. e4 dxe4
9. Nxe4 Nxe4 10. Qxe4 f5 11. Qd3 Bb7 12. O-O c5 13. d5 exd5 14. cxd5 Kh8 15. Ng5
Qd7 16. Ne6 Re8 17. Qxf5 Bxd5 18. Bd3 g6 19. Qxd5 Bxh2+ 20. Kxh2 Qxd5 0-1